[Event "EIRCC 2019"]
[Site "Tallinn"]
[Date "2019.12.06"]
[Round "10.25"]
[White "Pershin, Denis"]
[Black "Sanz Wawer, Daniel"]
[Result "1/2-1/2"]
[WhiteElo "2389"]
[BlackElo "2212"]
[Annotator "NA"]
[PlyCount "94"]
[EventDate "2019.12.05"]
[EventType "swiss"]
[EventCountry "EST"]
[SourceTitle "playchess.com"]
[Source "ChessBase"]
[SourceQuality "1"]
[TimeControl "900+10"]

1. e4 {[%emt 0:00:00]} c6 {[%emt 0:00:00]} 2. d4 {[%emt 0:00:00]} d5 {[%emt 0:00:00]} 3. e5 {[%emt 0:00:00]} c5 {[%emt 0:00:00]} 4. dxc5 {[%emt 0:00:00]} e6 {[%emt 0:00:00]} 5. a3 {[%emt 0:00:00]} Bxc5 {[%emt 0:00:00]} 6. b4 {[%emt 0:00:00]} Be7 {[%emt 0:00:00]} 7. Bb2 {[%emt 0:01:09]} a5 {[%emt 0:00:00]} 8. b5 {[%emt 0:00:05]} Nd7 {[%emt 0:00:30]} 9. Nd2 {[%emt 0:00:47]} Nh6 {[%emt 0:00:14]} 10. Ngf3 {[%emt 0:00:36]} Nc5 {[%emt 0:00:50]} 11. c4 {[%emt 0:01:00]} O-O {[%emt 0:01:19]} 12. Qc2 {[%emt 0:00:11]} Bd7 {[%emt 0:01:01]} 13. Be2 {[%emt 0:00:02]} Rc8 {[%emt 0:00:05]} 14. O-O {[%emt 0:00:24]} Nf5 {[%emt 0:00:47]} 15. Rfd1 {[%emt 0:01:07]} Qc7 {[%emt 0:01:21]} 16. Nf1 {[%emt 0:02:17]} Ne4 {[%emt 0:01:20]} 17. Qd3 {[%emt 0:02:59]} Bc5 {[%emt 0:01:43]} 18. Nd4 {[%emt 0:01:00]} Qxe5 {[%emt 0:01:40]} 19. cxd5 {[%emt 0:00:39]} Bxd4 {[%emt 0:01:57]} 20. Bxd4 {[%emt 0:00:03]} Nxd4 {[%emt 0:00:05]} 21. Qxd4 {[%emt 0:00:02]} Qxd4 {[%emt 0:00:07]} 22. Rxd4 {[%emt 0:00:01]} Nc3 {[%emt 0:00:04]} 23. Bf3 {[%emt 0:00:49]} Nxb5 {[%emt 0:00:43]} 24. Rd2 {[%emt 0:00:00]} exd5 {[%emt 0:01:03]} 25. Bxd5 {[%emt 0:00:01]} Bc6 {[%emt 0:00:15]} 26. a4 {[%emt 0:01:07]} Nc3 {[%emt 0:01:05]} 27. Bxc6 {[%emt 0:00:01]} Rxc6 {[%emt 0:00:02]} 28. Rd7 {[%emt 0:00:07]} Rb8 {[%emt 0:01:26]} 29. Ne3 {[%emt 0:00:15]} g6 {[%emt 0:00:12]} 30. g3 {[%emt 0:00:25]} b5 {[%emt 0:00:04]} 31. axb5 {[%emt 0:00:28]} Rxb5 {[%emt 0:00:04]} 32. Ng4 {[%emt 0:00:26]} Kg7 {[%emt 0:00:27]} 33. Ra7 {[%emt 0:00:42]} a4 {[%emt 0:00:44]} 34. Re1 {[%emt 0:00:17]} Rb1 {[%emt 0:01:09]} 35. Rxb1 {[%emt 0:00:07]} Nxb1 {[%emt 0:00:01]} 36. Rxa4 {[%emt 0:00:08]} Rc7 {[%emt 0:00:13]} 37. Ra6 {[%emt 0:00:24]} Nc3 {[%emt 0:00:14]} 38. Nf6 {[%emt 0:00:02]} Re7 {[%emt 0:00:12]} 39. h4 {[%emt 0:00:01]} Ne4 {[%emt 0:00:11]} 40. Nd5 {[%emt 0:00:56]} Rd7 {[%emt 0:00:02]} 41. Ra5 {[%emt 0:00:01]} Nf6 {[%emt 0:00:07]} 42. Nf4 {[%emt 0:00:41]} Rb7 {[%emt 0:00:09]} 43. Kg2 {[%emt 0:00:13]} Rd7 {[%emt 0:00:06]} 44. Ra6 {[%emt 0:00:30]} Rb7 {[%emt 0:00:07]} 45. Rd6 {[%emt 0:00:10]} Rd7 {[%emt 0:00:14]} 46. Rb6 {[%emt 0:00:02]} Nd5 {[%emt 0:00:20]} 47. Nxd5 {[%emt 0:00:17]} Rxd5 {[%emt 0:00:02]} 1/2-1/2

[Event "EIRCC 2019"]
[Site "Tallinn"]
[Date "2019.12.06"]
[Round "10.26"]
[White "Popov, Valerij"]
[Black "Heinzel, Olaf"]
[Result "1-0"]
[WhiteElo "2535"]
[BlackElo "2310"]
[Annotator "TA"]
[PlyCount "131"]
[EventDate "2019.12.05"]
[EventType "swiss"]
[EventCountry "EST"]
[SourceTitle "playchess.com"]
[Source "ChessBase"]
[SourceQuality "1"]

{[%evp 10,131,19,19,71,70,58,33,58,52,51,10,115,104,116,45,101,85,267,100,100,110,110,107,111,91,79,81,85,31,39,27,28,37,25,33,27,0,0,0,0,10,13,11,8,0,23,22,22,23,23,7,21,21,21,21,21,19,18,14,33,14,117,105,212,229,224,223,214,204,212,137,257,251,228,250,300,306,405,387,433,440,439,439,420,432,400,427,435,408,413,428,427,395,349,329,414,406,1123,391,368,396,385,377,369,341,318,309,593,379,559,321,516,571,506,511,1019,1199,753,1178,1189,1141,984,987]} 1. c4 Nf6 2. Nf3 c5 3. Nc3 d5 4. cxd5 Nxd5 5. e3 Nc6 6. Bb5 a6 {A34: Symmetrical English: 2 Nc3, lines with ...d5} (6... Nxc3 $11 7. bxc3 Bd7) (6... Nxc3 7. bxc3 Bd7 8. Rb1 e6 9. d4 Be7 10. O-O O-O 11. Be2 Qc7 12. e4 Rfd8 13. Be3 Na5 14. Bd3 Rac8 15. h4 {½-½ (40) Nakamura,H (2763)-Xiong,J (2656) Douglas 2018}) 7. Bxc6+ $1 $16 bxc6 8. O-O $146 ({Predecessor:} 8. Qa4 Bd7 9. Ne5 f6 10. Nxd7 Qxd7 11. O-O e6 12. Rd1 Be7 13. d4 cxd4 14. Qxd4 {1-0 (30) Liebert,H (2435)-Lilienthal,A Decin 1977}) 8... e6 {White is slightly better.} 9. Qa4 Qc7 10. b3 Bd7 (10... Nb4 $11 {remains equal.}) 11. Ba3 Nb4 12. Rac1 (12. Ne4 $1 $16) 12... a5 (12... Rb8 $14) 13. Ne4 Nxa2 $2 (13... c4 $16 {keeps fighting.} 14. Bxb4 (14. bxc4 c5 $14) 14... Bxb4 15. bxc4 (15. Rxc4 $2 c5 $19) 15... c5) 14. Rc4 $2 (14. Rxc5 $18 f5 15. Neg5) 14... Nb4 15. Nxc5 Bxc5 16. Rxc5 O-O 17. Ne5 Rfb8 {[#]} 18. Ra1 $1 {Black must now prevent Bxb4.} Ra7 19. Bb2 (19. Nxd7 $16 Qxd7 20. Rc4 (20. Rxa5 Rxa5 21. Qxa5 Nd3 $11)) 19... Be8 20. Bc3 f6 21. Nc4 Nd3 22. Rxa5 Rab7 23. Rb1 c5 24. Qa2 Bf7 25. Ra8 e5 26. Ra1 h6 27. Qc2 Bg6 28. Nb2 Nf4 29. Qd1 Nd5 30. Nc4 Kh7 31. Ba5 $36 {[%mdl 2048] White fights for an advantage.} Qd7 32. Rxb8 Rxb8 33. h3 Qb5 34. Ra3 Bd3 35. Nb2 Ra8 (35... Bg6 $11 {keeps the balance.}) 36. Qf3 Rxa5 (36... Bc2 $16) 37. Rxa5 $18 Qxa5 38. Nxd3 Ne7 {[#]} 39. Qd1 $1 e4 40. Nb2 Nd5 (40... f5 $16 {was worth a try.} 41. d3 exd3) 41. Qc2 f5 42. Na4 Nf6 43. Qxc5 Qxd2 44. Qxf5+ Kh8 45. Nc5 Qd1+ 46. Kh2 Qd6+ 47. g3 Qc6 48. Kg2 Qe8 49. g4 Qb5 50. h4 Nxg4 {If Black can now play ...Nf6 this consolidates a bit.} 51. Qxg4 Qxc5 52. Qxe4 {[%mdl 4096] Endgame KQ-KQ} Qb5 53. b4 Qb6 (53... Kg8 $142 54. Qd4 Qc6+ 55. e4 Qg6+ 56. Kf1 Qa6+ 57. Ke1 Qa4 58. Qd5+ Kf8) 54. Qc4 $2 (54. Qe8+ Kh7 55. b5) 54... Qg6+ 55. Kf1 Qb1+ 56. Ke2 Qb2+ 57. Kf3 Qf6+ 58. Kg3 Qe5+ $2 (58... Qg6+ {was necessary.} 59. Kf3 Qh5+ 60. Qg4 Qd5+ 61. Qe4 Qb5) 59. Qf4 Qb5 (59... Qe8 $142 60. Qd6 h5) 60. Qf8+ Kh7 61. Qc5 {White is clearly winning.} Qb8+ 62. f4 Qb7 (62... Qd8 $142 63. b5 Qa5) 63. b5 Qh1 64. b6 (64. h5 $142 Qe1+ 65. Kf3) 64... Qe1+ 65. Kf3 Qh1+ 66. Ke2 {Accuracy: White = 66%, Black = 38%.} 1-0

[Event "EIRCC 2019"]
[Site "Tallinn"]
[Date "2019.12.06"]
[Round "10.27"]
[White "Hjartarson, Johann"]
[Black "Kononenko, Dmitry"]
[Result "1/2-1/2"]
[WhiteElo "2524"]
[BlackElo "2316"]
[Annotator "ChessBase"]
[PlyCount "113"]
[EventDate "2019.12.05"]
[EventType "swiss"]
[EventCountry "EST"]
[SourceTitle "playchess.com"]
[Source "ChessBase"]
[SourceQuality "1"]
[TimeControl "900+10"]

1. c4 {[%emt 0:00:00]} c5 {[%emt 0:00:00]} 2. g3 {[%emt 0:00:00]} g6 {[%emt 0:00:00]} 3. Bg2 {[%emt 0:00:01]} Bg7 {[%emt 0:00:00]} 4. Nc3 {[%emt 0:00:04]} Nc6 {[%emt 0:00:01]} 5. a3 {[%emt 0:00:03]} d6 {[%emt 0:00:47]} 6. Rb1 {[%emt 0:00:32]} a5 {[%emt 0:00:52]} 7. Nf3 {[%emt 0:00:21]} Nf6 {[%emt 0:00:26]} 8. O-O {[%emt 0:00:06]} Bf5 {[%emt 0:00:05]} 9. d3 {[%emt 0:00:05]} Qd7 {[%emt 0:00:04]} 10. Re1 {[%emt 0:00:56]} Bh3 {[%emt 0:00:14]} 11. Bh1 {[%emt 0:00:06]} h5 {[%emt 0:00:03]} 12. Bg5 {[%emt 0:01:51]} Rb8 {[%emt 0:04:00]} 13. Qd2 {[%emt 0:00:15]} Ng4 {[%emt 0:00:21]} 14. Nd5 {[%emt 0:00:53]} f6 {[%emt 0:01:12]} 15. Be3 {[%emt 0:01:01]} Kf7 {[%emt 0:01:14]} 16. d4 {[%emt 0:02:26]} Nxe3 {[%emt 0:00:40]} 17. Qxe3 {[%emt 0:00:06]} Bh6 {[%emt 0:04:02]} 18. Qc3 {[%emt 0:00:12]} cxd4 {[%emt 0:00:03]} 19. Nxd4 {[%emt 0:00:04]} Nxd4 {[%emt 0:00:19]} 20. Qxd4 {[%emt 0:00:03]} Kg7 {[%emt 0:01:00]} 21. Rbd1 {[%emt 0:00:18]} Rhd8 {[%emt 0:01:24]} 22. Qb6 {[%emt 0:03:43]} a4 {[%emt 0:00:38]} 23. Rd4 {[%emt 0:00:55]} Be6 {[%emt 0:00:17]} 24. Red1 {[%emt 0:00:12]} Bxd5 {[%emt 0:00:04]} 25. Bxd5 {[%emt 0:00:07]} Rdc8 {[%emt 0:00:37]} 26. h4 {[%emt 0:00:19]} Rc5 {[%emt 0:00:18]} 27. Qb4 {[%emt 0:00:09]} b6 {[%emt 0:00:03]} 28. Bf3 {[%emt 0:00:09]} Qa7 {[%emt 0:00:06]} 29. Rd5 {[%emt 0:00:57]} Rbc8 {[%emt 0:00:21]} 30. Rxc5 {[%emt 0:00:07]} bxc5 {[%emt 0:00:10]} 31. Qc3 {[%emt 0:00:06]} Rb8 {[%emt 0:00:02]} 32. Qc2 {[%emt 0:00:27]} Rb3 {[%emt 0:00:26]} 33. Bc6 {[%emt 0:00:14]} Qb6 {[%emt 0:00:05]} 34. Bb5 {[%emt 0:00:02]} Qb7 {[%emt 0:00:25]} 35. Rd3 {[%emt 0:00:09]} Qe4 {[%emt 0:00:15]} 36. Bxa4 {[%emt 0:00:39]} Rxd3 {[%emt 0:00:02]} 37. Qxd3 {[%emt 0:00:21]} Qxd3 {[%emt 0:00:04]} 38. exd3 {[%emt 0:00:02]} Bc1 {[%emt 0:00:01]} 39. b4 {[%emt 0:00:02]} Bxa3 {[%emt 0:00:06]} 40. b5 {[%emt 0:00:01]} Bb4 {[%emt 0:00:03]} 41. b6 {[%emt 0:00:02]} Ba5 {[%emt 0:00:01]} 42. b7 {[%emt 0:00:02]} Bc7 {[%emt 0:00:01]} 43. Be8 {[%emt 0:00:07]} f5 {[%emt 0:00:50]} 44. Kg2 {[%emt 0:00:28]} Kf6 {[%emt 0:00:02]} 45. Kf3 {[%emt 0:00:04]} e6 {[%emt 0:00:08]} 46. Ke3 {[%emt 0:00:05]} d5 {[%emt 0:00:18]} 47. d4 {[%emt 0:00:51]} cxd4+ {[%emt 0:00:26]} 48. Kxd4 {[%emt 0:00:02]} dxc4 {[%emt 0:00:03]} 49. Kxc4 {[%emt 0:00:10]} f4 {[%emt 0:00:06]} 50. gxf4 {[%emt 0:00:04]} Bxf4 {[%emt 0:00:19]} 51. Bd7 {[%emt 0:00:39]} Bb8 {[%emt 0:00:13]} 52. Kc5 {[%emt 0:00:10]} e5 {[%emt 0:00:05]} 53. Kd5 {[%emt 0:00:30]} g5 {[%emt 0:00:02]} 54. hxg5+ {[%emt 0:00:07]} Kxg5 {[%emt 0:00:01]} 55. Ke4 {[%emt 0:00:24]} h4 {[%emt 0:00:12]} 56. Bh3 {[%emt 0:00:17]} Bc7 {[%emt 0:00:01]} 57. f3 1/2-1/2

[Event "EIRCC 2019"]
[Site "Tallinn"]
[Date "2019.12.06"]
[Round "10.28"]
[White "Kanep, Siim"]
[Black "Mohr, Georg"]
[Result "1/2-1/2"]
[WhiteElo "2180"]
[BlackElo "2433"]
[Annotator "NA"]
[PlyCount "65"]
[EventDate "2019.12.05"]
[EventType "swiss"]
[EventCountry "EST"]
[SourceTitle "playchess.com"]
[Source "ChessBase"]
[SourceQuality "1"]
[TimeControl "900+10"]

1. d4 {[%emt 0:00:00]} g6 {[%emt 0:00:00]} 2. e4 {[%emt 0:00:00]} Bg7 {[%emt 0:00:00]} 3. Nc3 {[%emt 0:00:00]} d6 {[%emt 0:00:10]} 4. Be3 {[%emt 0:00:05]} a6 {[%emt 0:00:03]} 5. Qd2 {[%emt 0:00:07]} b5 {[%emt 0:00:06]} 6. Nf3 {[%emt 0:00:22]} Bb7 {[%emt 0:00:04]} 7. Bd3 {[%emt 0:00:08]} Nd7 {[%emt 0:00:09]} 8. O-O {[%emt 0:01:14]} e6 {[%emt 0:02:02]} 9. a4 {[%emt 0:00:19]} b4 {[%emt 0:00:43]} 10. Ne2 {[%emt 0:00:01]} a5 {[%emt 0:00:05]} 11. Ng3 {[%emt 0:00:17]} Ne7 {[%emt 0:00:46]} 12. Bh6 {[%emt 0:00:08]} O-O {[%emt 0:00:02]} 13. Bxg7 {[%emt 0:00:02]} Kxg7 {[%emt 0:00:01]} 14. c3 {[%emt 0:00:06]} c5 {[%emt 0:00:47]} 15. Bb5 {[%emt 0:01:23]} Nf6 {[%emt 0:00:17]} 16. Rfe1 {[%emt 0:00:27]} h6 {[%emt 0:02:07]} 17. Rad1 {[%emt 0:00:24]} cxd4 {[%emt 0:01:45]} 18. Nxd4 {[%emt 0:01:26]} bxc3 {[%emt 0:00:32]} 19. bxc3 {[%emt 0:00:01]} Qc7 {[%emt 0:00:32]} 20. Bd3 {[%emt 0:00:33]} e5 {[%emt 0:00:10]} 21. Nb5 {[%emt 0:00:02]} Qc5 {[%emt 0:00:13]} 22. Bc2 {[%emt 0:00:17]} d5 {[%emt 0:05:13]} 23. exd5 {[%emt 0:00:09]} Nexd5 {[%emt 0:00:00]} 24. Rxe5 {[%emt 0:00:37]} Rfe8 {[%emt 0:00:24]} 25. Qd4 {[%emt 0:01:48]} Qxd4 {[%emt 0:00:14]} 26. cxd4 {[%emt 0:00:02]} Rad8 {[%emt 0:01:17]} 27. Rxe8 {[%emt 0:00:18]} Nxe8 {[%emt 0:00:02]} 28. Ne4 {[%emt 0:02:05]} Bc6 {[%emt 0:00:02]} 29. f3 {[%emt 0:01:59]} Nef6 {[%emt 0:01:07]} 30. Nxf6 {[%emt 0:00:12]} Kxf6 {[%emt 0:00:01]} 31. Be4 {[%emt 0:00:07]} Bxb5 {[%emt 0:00:06]} 32. axb5 {[%emt 0:00:05]} Nc3 {[%emt 0:00:01]} 33. Ra1 {[%emt 0:00:34]} 1/2-1/2

[Event "EIRCC 2019"]
[Site "Tallinn"]
[Date "2019.12.06"]
[Round "10.29"]
[White "Pohjala, Henri"]
[Black "Meyer, Falko"]
[Result "1-0"]
[WhiteElo "2350"]
[BlackElo "2208"]
[Annotator "NA"]
[PlyCount "83"]
[EventDate "2019.12.05"]
[EventType "swiss"]
[EventCountry "EST"]
[SourceTitle "playchess.com"]
[Source "ChessBase"]
[SourceQuality "1"]
[TimeControl "900+10"]

1. d4 {[%emt 0:00:00]} c6 {[%emt 0:00:00]} 2. Nf3 {[%emt 0:00:00]} d5 {[%emt 0:00:00]} 3. g3 {[%emt 0:00:29]} Nf6 {[%emt 0:00:00]} 4. Bg2 {[%emt 0:00:01]} a6 {[%emt 0:00:06]} 5. O-O {[%emt 0:00:05]} g6 {[%emt 0:00:04]} 6. b3 {[%emt 0:00:08]} Bg7 {[%emt 0:00:02]} 7. c4 {[%emt 0:00:10]} O-O {[%emt 0:00:05]} 8. Bb2 {[%emt 0:00:04]} Ne4 {[%emt 0:00:21]} 9. Nbd2 {[%emt 0:01:18]} Nxd2 {[%emt 0:00:03]} 10. Qxd2 {[%emt 0:00:11]} Nd7 {[%emt 0:00:49]} 11. cxd5 {[%emt 0:02:43]} cxd5 {[%emt 0:00:02]} 12. Rac1 {[%emt 0:02:17]} Re8 {[%emt 0:01:34]} 13. Ne5 {[%emt 0:01:47]} e6 {[%emt 0:02:40]} 14. Rfd1 {[%emt 0:02:28]} f5 {[%emt 0:01:55]} 15. Nd3 {[%emt 0:00:55]} a5 {[%emt 0:03:25]} 16. Rc2 {[%emt 0:02:39]} b6 {[%emt 0:00:16]} 17. Rdc1 {[%emt 0:00:55]} Ba6 {[%emt 0:00:29]} 18. Nf4 {[%emt 0:00:11]} Bh6 {[%emt 0:02:00]} 19. Ba3 {[%emt 0:01:00]} Nf6 {[%emt 0:00:39]} 20. Rc6 {[%emt 0:00:34]} Rc8 {[%emt 0:00:15]} 21. Rxc8 {[%emt 0:00:16]} Bxc8 {[%emt 0:00:02]} 22. Qc2 {[%emt 0:00:04]} Bd7 {[%emt 0:00:20]} 23. Bd6 {[%emt 0:00:20]} Qa8 {[%emt 0:00:12]} 24. Qb2 {[%emt 0:00:10]} Rc8 {[%emt 0:00:03]} 25. Rc2 {[%emt 0:00:05]} Rc6 {[%emt 0:00:02]} 26. Be5 {[%emt 0:00:12]} Ng4 {[%emt 0:00:05]} 27. Nd3 {[%emt 0:00:13]} Rxc2 {[%emt 0:00:36]} 28. Qxc2 {[%emt 0:00:02]} Bb5 {[%emt 0:00:01]} 29. Qc7 {[%emt 0:00:13]} Bxd3 {[%emt 0:00:38]} 30. exd3 {[%emt 0:00:01]} Bf8 {[%emt 0:00:34]} 31. Qd7 {[%emt 0:00:17]} Nxe5 {[%emt 0:00:31]} 32. dxe5 {[%emt 0:00:01]} Bc5 {[%emt 0:00:10]} 33. Qxe6+ {[%emt 0:00:03]} Kg7 {[%emt 0:00:03]} 34. Bxd5 {[%emt 0:00:19]} Qd8 {[%emt 0:00:04]} 35. h4 {[%emt 0:00:12]} Kh6 {[%emt 0:00:11]} 36. Kg2 {[%emt 0:00:10]} f4 {[%emt 0:00:02]} 37. Be4 {[%emt 0:00:25]} fxg3 {[%emt 0:00:04]} 38. fxg3 {[%emt 0:00:02]} Qd4 {[%emt 0:00:02]} 39. Qf6 {[%emt 0:00:12]} Qg1+ {[%emt 0:02:12]} 40. Kh3 {[%emt 0:00:01]} Be7 {[%emt 0:00:01]} 41. Qxe7 {[%emt 0:00:18]} Qf1+ {[%emt 0:00:01]} 42. Bg2 {[%emt 0:00:07]} 1-0

[Event "EIRCC 2019"]
[Site "Tallinn"]
[Date "2019.12.06"]
[Round "10.30"]
[White "Dragnev, Valentin"]
[Black "Valner, Uku"]
[Result "1-0"]
[WhiteElo "2553"]
[BlackElo "2302"]
[Annotator "ChessBase"]
[PlyCount "41"]
[EventDate "2019.12.05"]
[EventType "swiss"]
[EventCountry "EST"]
[SourceTitle "playchess.com"]
[Source "ChessBase"]
[SourceQuality "1"]
[TimeControl "900+10"]

1. d4 {[%emt 0:00:00]} e6 {[%emt 0:00:00]} 2. c4 {[%emt 0:00:00]} b6 {[%emt 0:00:01]} 3. e4 {[%emt 0:00:08]} Bb7 {[%emt 0:00:01]} 4. Nc3 {[%emt 0:00:07]} Bb4 {[%emt 0:00:01]} 5. f3 {[%emt 0:00:07]} Bxc3+ {[%emt 0:00:33]} 6. bxc3 {[%emt 0:00:01]} d6 {[%emt 0:00:02]} 7. Bd3 {[%emt 0:00:04]} Nd7 {[%emt 0:00:05]} 8. Ne2 {[%emt 0:00:19]} Ngf6 {[%emt 0:00:56]} 9. O-O {[%emt 0:00:02]} Qe7 {[%emt 0:00:16]} 10. a4 {[%emt 0:00:09]} a5 {[%emt 0:00:10]} 11. Rb1 {[%emt 0:01:09]} h6 {[%emt 0:01:12]} 12. Ng3 {[%emt 0:00:38]} g6 {[%emt 0:02:01]} 13. f4 {[%emt 0:00:23]} e5 {[%emt 0:00:49]} 14. fxe5 {[%emt 0:00:27]} dxe5 {[%emt 0:00:02]} 15. c5 {[%emt 0:00:08]} Ba6 {[%emt 0:01:44]} 16. Bxa6 {[%emt 0:01:45]} Rxa6 {[%emt 0:00:01]} 17. c6 {[%emt 0:00:01]} Nb8 {[%emt 0:00:37]} 18. Qf3 {[%emt 0:01:04]} Ng8 {[%emt 0:00:08]} 19. Ba3 {[%emt 0:00:18]} Qxa3 {[%emt 0:00:41]} 20. Qxf7+ {[%emt 0:00:03]} Kd8 {[%emt 0:00:01]} 21. Qg7 {[%emt 0:00:11]} 1-0

[Event "EIRCC 2019"]
[Site "Tallinn"]
[Date "2019.12.06"]
[Round "10.31"]
[White "Nazaretyan, Tigran"]
[Black "Dubrovin, Robert"]
[Result "0-1"]
[WhiteElo "2297"]
[BlackElo "2215"]
[Annotator "TA"]
[PlyCount "150"]
[EventDate "2019.12.05"]
[EventType "swiss"]
[EventCountry "EST"]
[SourceTitle "playchess.com"]
[Source "ChessBase"]
[SourceQuality "1"]

{[%evp 23,150,0,24,-27,-17,-23,0,0,-8,-6,0,0,0,0,0,0,0,4,23,0,4,-6,-3,-6,-7,-18,-16,-38,0,-11,0,0,0,0,17,18,14,16,18,12,38,0,24,0,0,0,2,0,0,-337,-10,-11,-11,-23,0,0,0,0,0,0,0,0,0,0,0,-70,-59,-100,-100,-151,-151,-151,-151,-151,-151,-341,-320,-331,-125,-193,-178,-343,-150,-150,-150,-147,-135,-560,-547,-552,-560,-535,-251,-201,0,-356,-400,-487,-468,-29981,-469,-752,-712,-735,-639,-649,-519,-622,-515,-722,-670,-1591,-1576,-1393,-1285,-29972,-29974,-29973,-29974,-29979,-29980,-29980,-29981,-29982,-29983,-29983,-29984,-29983,-29982]} 1. d4 Nf6 2. c4 e6 3. Nf3 b6 4. a3 Bb7 5. Nc3 d5 6. cxd5 Nxd5 7. e3 Be7 8. Bb5+ c6 9. Bd3 O-O 10. e4 Nxc3 11. bxc3 c5 12. O-O Nd7 13. d5 {E12: Queen's Indian: Unusual White 4th moves, 4 a3, 4 Nc3 Bb7 5 a3 and 4 Nc3 Bb7} (13. Bf4 $142) (13. Bf4 Rc8 14. Qe2 cxd4 15. cxd4 Nf6 16. Rfe1 Rc3 17. Bd2 Rc7 18. a4 a5 19. Rab1 Nd7 20. Rb5 Qa8 21. Rh5 Rd8 22. Ng5 {1-0 (39) Salem,A (2636)-Le,Q (2727) Abu Dhabi 2018}) 13... exd5 14. exd5 Bxd5 $146 {[#]} ({Predecessor:} 14... c4 15. Bxc4 Nf6 16. Qc2 Qc7 17. Qb3 Rac8 18. Nd2 Qc5 19. a4 Ne4 20. Nxe4 Qxc4 21. Qxc4 Rxc4 {0-1 (32) Kudela,P (1047)-Shim Ng Min,F (1109) LSS email 2015}) 15. Bxh7+ $1 {[%mdl 512] The position is equal.} Kxh7 16. Qxd5 {And now Qf5+ would win.} Nf6 17. Qf5+ Kg8 18. Bg5 Qd5 19. Qc2 Rfe8 20. Rfe1 Rad8 21. c4 Qb7 22. h3 Nh7 23. Bf4 Bf6 24. Rab1 Nf8 25. Bg5 Nh7 26. Be3 Nf8 27. Bxc5 Rxe1+ 28. Nxe1 Qc6 29. Be3 Ne6 30. Nf3 Be7 31. a4 Bc5 32. Re1 (32. Ne5 $5 {[%cal Re5c6]} Qe8 33. Re1 $11) 32... Bb4 33. Re2 Rc8 34. Ne5 Qc7 35. Qe4 Bd6 36. Bd4 $2 {[%mdl 8192]} (36. Bd2 $11 {and White has nothing to worry.}) 36... Bxe5 $2 (36... Nxd4 $19 37. Qxd4 Re8) 37. Bxe5 $11 Qxc4 38. f4 Qxe4 (38... f6 {looks sharper.} 39. Bd6 Qd4+ 40. Qxd4 Nxd4 41. Re4 Rc4) 39. Rxe4 {[%mdl 4096] Endgame KRB-KRN} Rc1+ 40. Kh2 Nc5 41. Rd4 Rc2 42. f5 f6 43. Bb8 a5 44. Ba7 (44. Bd6 $11) 44... Rb2 $15 45. Rd8+ Kh7 $1 46. Rd4 (46. h4 $142) 46... Rb4 $17 47. Rd6 Nxa4 48. g4 Nc5 49. Bxb6 $2 {[#]} (49. Rxb6 $17 {keeps fighting.} Rxb6 50. Bxb6) 49... Ne4 $1 $19 50. Re6 Rb2+ $2 (50... a4 $19 {has better winning chances. aiming for ...a3.} 51. Ba5 Rc4) 51. Kg1 (51. Kh1 $17 {only move.}) 51... Ng5 $1 {[%csl LRe6,LRh3][%mdl 64] Double Attack} 52. Rc6 $2 (52. Bxa5 Nxe6 53. fxe6) 52... Nxh3+ (52... a4 $19 {and Black stays clearly on top.} 53. Kf1 a3) 53. Kf1 $17 {[#]} a4 $1 {[%cal Ra4a3] White must now prevent ...a3.} 54. Bd4 Rb4 55. Rc3 $2 {[%mdl 8192]} (55. Rd6 $17 {is a better chance.}) 55... Rxd4 $19 56. Rxh3+ {KR-KR} Kg8 57. Rg3 Rd5 (57... Rb4 $142 58. Ke2 Rb3) 58. Ra3 Rd4 $2 (58... Rd1+ 59. Ke2 Rd4) 59. Rg3 $1 Kf7 60. Kg2 Rb4 {Hoping for ...Rb3.} 61. Kf1 (61. Rc3 $19 Rb2+ 62. Kf1) 61... Ke7 (61... Rb3 $142 62. Rg2 Rb1+ 63. Kf2 Rb2+ 64. Kg3 Rxg2+ 65. Kxg2 a3 66. Kg3 a2 67. Kf2 a1=Q 68. Ke3 Qc3+ 69. Ke4 Qg3 70. Kd4 Qxg4+ 71. Kc3 Qxf5 72. Kb3 g5 73. Kc3 g4 74. Kc4 g3 75. Kd4 g2 76. Kc4 g1=Q 77. Kc3 Qgc5+ 78. Kd2 Qfc2+ 79. Ke1 Qg1#) 62. Ke2 (62. Rd3 $142 Rxg4 63. Rd5) 62... Kd6 63. Kd2 Ke5 64. Rg1 Kf4 65. Kc3 Rb3+ 66. Kc4 Rg3 67. Rf1+ Kxg4 68. Kd5 a3 {[%cal Ba4a3,Ba3a2][%mdl 32]} 69. Ke6 a2 {Black mates.} 70. Ra1 Ra3 71. Rg1+ Kf4 72. Rf1+ Ke4 73. Re1+ Kd3 74. Ra1 Kc2 75. Kf7 Ra7+ {Accuracy: White = 26%, Black = 50%.} 0-1